Vzťah poľnohospodárskych ekonómov k agrárnej politike v druhej polovici 20. storočia na Slovensku

Spolupráca poľnohospodárskych ekonómov z dvoch spolupracujúcich katedier na VŠP v Nitre a EU v Bratislave. Vecná podoba účasti poľnohospodárstva na národohospodárskom raste. Ciele hospodárskej politiky v agrokomplexe a agrárna politika.

Enregistré dans:
Détails bibliographiques
Auteur principal: Šúbertová, Elena
Format: Chapitre de livre
Langue:slovaque
Sujets:
Tags: Ajouter un tag
Pas de tags, Soyez le premier à ajouter un tag!

MARC

LEADER 00000naa$a2200000$$$4500
001 0052272
005 20240502083136.3
041 0 |a slo 
044 |a CZ 
245 1 0 |a Vzťah poľnohospodárskych ekonómov k agrárnej politike v druhej polovici 20. storočia na Slovensku  |c Elena Šúbertová 
520 |a Spolupráca poľnohospodárskych ekonómov z dvoch spolupracujúcich katedier na VŠP v Nitre a EU v Bratislave. Vecná podoba účasti poľnohospodárstva na národohospodárskom raste. Ciele hospodárskej politiky v agrokomplexe a agrárna politika. 
610 2 0 |a poľnohospodárstvo 
610 2 0 |a ekonómovia 
610 2 0 |a politika poľnohospodárska 
610 2 0 |a rast hospodársky 
610 2 0 |a politika hospodárska 
610 2 0 |a Slovensko 
100 1 |a Šúbertová, Elena